000 00716nam a2200217 a 4500
003 PILC
005 20160306115443.0
008 040318s2001 xx 00 eng dc
010 _aAcc#34226
020 _a9712711099
050 _aFil PL 6171.4
_bT731 2001
040 _cPhilippine Baptist Theological Seminary
100 1 _aTribute
245 _aTribute :
_ban anthology of contemporary Philippine fiction /
_cedited by Timothy R. Montes and Cesar Ruiz Aquino.
260 _aPasig City, Phils. :
_bAnvil Publishing, Inc,
_cc2001.
300 _axiii, 350 p. : 22cm.
650 _aPHILIPPINE FICTION (ENGLISH)
700 _aMontes, Timothy R., ed.
700 _aCesar Ruiz Aquino, jt. ed.
942 _cCB
_2lcc
999 _c14836
_d14836